| 000 | 00638nam a22002057a 4500 | ||
|---|---|---|---|
| 005 | 20240531113532.0 | ||
| 008 | 240531b ||||| |||| 00| 0 eng d | ||
| 020 | _a9787802540415 | ||
| 040 | _aBSOP | ||
| 050 |
_aBV652 _bJ95 |
||
| 100 | _a王俊编著 Jun Wang | ||
| 245 |
_a教会事工管理 = Jiaohui shigong guanli {ch} / _c王俊编著 Jun Wang. |
||
| 260 |
_a北京 : _b宗教文化出版社, _c2008. |
||
| 300 |
_a338p. : _bill. ; _c20cm. |
||
| 504 | _aIncludes bibliographical references. | ||
| 546 | _aChinese | ||
| 650 |
_aChurch management — _zChina {ch}. |
||
| 650 |
_aTheology, Practical {ch}. _9155 |
||
| 942 |
_2lcc _cBK |
||
| 999 |
_c52900 _d52900 |
||